00633nam a2200241Ia 4500008004100000020001800041050001700059050001400076100001800090245003300108245003800141245001800179260001600197260004000213260000900253300001600262300002000278300001100298500002000309650002200329650001600351650002400367180523s9999 xx 000 0 und d a81-7179-835-7 aMAIN QP 34.5 b.B55 2001 aBijlani, R.L. 0aFundamentals of physiology : 2ba texkbook for nursing students / 0cR.L. Bijlani. aNew Delhi : bJaypee Brothers Medical Publishers, c2001 a434 pages : billustrations ; c24 cm. aIncludes index. aHuman physiology. aPhsyiology. xMedical physiology.